Memòria relativa a la gestió de la Junta : dades estadístiques del tràfec i relació d'ingressos i despeses durant l'any 1933 dades estadístiques del tràfec i relació d'ingressos i despeses durant l'any 1933
Descripción Física:
[170] p., 1 f. pleg. ; 27 cm
MARC
| LEADER | 00000nam a2200000Ia 4500 | ||
|---|---|---|---|
| 001 | 12366 | ||
| 008 | 160829s1934 xx 000 0 cat d | ||
| 080 | |a C-1-170 | ||
| 100 | |a Port de Tarragona. Junta d'Obres |9 20620 | ||
| 245 | |a Memòria relativa a la gestió de la Junta : |b dades estadístiques del tràfec i relació d'ingressos i despeses durant l'any 1933 | ||
| 260 | |a Tarragona : |b (Imp. de F. Sugrañes), |c 1934 | ||
| 300 | |a [170] p., 1 f. pleg. ; |c 27 cm | ||
| 650 | |a Port de Tarragona. Junta d'Obres |x Memòries |9 20621 | ||
| 901 | |a Arxiu | ||
| 942 | |n 1 | ||
| 952 | |0 0 |1 0 |4 0 |6 C1170 |7 1 |9 41611 |a Arxiu |b Arxiu |d 2016-12-01 |l 0 |o C-1-170 |p 12366 |r 2016-12-01 00:00:00 |w 2016-12-01 |y ARXIU | ||
| 999 | |c 43501 |d 43501 | ||